000 00312nam a22001337a 4500
008 181217b xxu||||| |||| 00| 0 eng d
020 _a9781416038542
041 _aeng
080 _25th
_a611
100 _a7
101 _aANA
245 _aPhysical Examination & Health Assessment
_cJarvis,C
942 _2udc
_cBK
999 _c53200
_d53200